Práce na novom chodníku pokračujú

Bibliographic Details
Format: Article
Language:Slovak
PhysicalDescription:Fotogr.
Subjects:

MARC

LEADER 00000nab a2200000 ar4500
001 vtls009466259
003 SK-MaSNL
005 20260303053023.0
008 090128c2008 xo cr|p|||||||000 b|slo
038 |a PPPK 
040 |a PPPKCL  |b slo  |c PPPK  |e AACR2 
041 0 |a slo 
044 |a xo  |c SK 
080 |a 625.711.4/.7  |2 2001 
080 |a 625.734.2  |2 2001 
245 0 0 |a Práce na novom chodníku pokračujú  |c [autor] (lej) 
300 |b Fotogr. 
610 1 7 |a Poprad (Slovensko).  |b Mestský úrad.  |b Odbor výstavby  |2 pppkcl  |9 1031778 
648 7 |a 2008  |2 pppkcl  |9 317238 
650 0 7 |a chodníky  |2 pppkcl  |9 29942 
650 0 7 |a rekonštrukcie  |2 pppkcl  |9 24616 
651 7 |a Poprad (Slovensko)  |2 pppkcl  |9 20155 
773 0 |t Poprad : noviny občanov mesta  |g Roč. XIX, č. 85 (2008), s. 2 
852 |a PPPK  |b KIS3GCP 
999 |c 1717522  |d 1719452